Journal of Law, Technology and the Internet

Detalles Bibliográficos
Formato: eBook
Lenguaje:inglés
Publicado: Cleveland: Case Western Reserve University School of Law, 2017 -
Materias:
Acceso en línea:Acceso restringido

MARC

LEADER 00000nam a22000007a 4500
005 2019092604204.0
007 cr|||| ||||
008 190926c20179999us fr|w s|||| 0|||b1eng d
022 |a 1949-6451 
035 |a 22322 
040 |a vLex 
090 |c 9653  |d 9653 
245 0 0 |a Journal of Law, Technology and the Internet  |h [Recurso electrn̤ico] / 
256 |a Servicio en ln̕ea 
260 |a Cleveland:  |b Case Western Reserve University School of Law,  |c 2017 - 
300 |a 1 recurso electrn̤ico 
310 |a Semestral 
506 1 |a Disponible solo en los productos indicados  |d vLex Global  |d vLex Global (Academic Edition, excluding Law Schools)  |d vLex Global (Academic Edition, Law Schools) 
650 0 4 |a Derecho de las Nuevas Tecnologa̕s  |z Estados Unidos 
740 0 |a vLex Revistas (Servicio en ln̕ea) 
856 4 0 |u http://vlex.com/source/journal-law-technology-internet-22322  |z Acceso restringido 
942 |c REV 
999 0 |a New Technologies Law